00629nam a22001697a 450000500170000001000150001702000260003203500150005803700140007308200120008710000160009924501110011526000550022627000890028130000320037050000570040220181012113507.0 aENG-124257 c395.00a9789352807482 a EN-107789 bDBAD/PUB. a658.314 aUsher, Neil aThe elemental workplace:cby Neil Usherbthe 12 elements for creating a fantastic workplace for everyone / aNew DelhibSage Publications India Pvt. Ltd.c2018 aB1/I-1, Mohan Cooperative Industrial Area Mathura Road Post Bag 7bNew Delhie110044 axiii,215p.c22cm(pbk)bill. aIt includes about the author, about the illustrator.